| 000 | 00631nam a22001937a 4500 | ||
|---|---|---|---|
| 005 | 20250610154857.0 | ||
| 010 | _aENG-145272-73 | ||
| 020 |
_a9788195674312 _c400.00 |
||
| 035 | _aEN-128804-805 | ||
| 037 | _bDBAD | ||
| 082 |
_a921 _21 |
||
| 100 |
_aDayal, Mala _981861 |
||
| 245 |
_aThe Untold Story of Dr. G. B. Sahay: _bA Legend of Forensic Medicine in Bihar/ _cMala Dayal |
||
| 250 | _a1 | ||
| 260 |
_bNaye Pallav _c2022 _aPatna |
||
| 270 |
_aRajiv mani, MAniyalaya, Balupur,Kurji, P.O. -Sadaquat Ashram _bPatna _e800010 _k9835265413 _k8825306628 |
||
| 300 | c |
_a178p. _c22cm(hb) |
|
| 942 |
_2ddc _cEN _mDAY _h921 |
||
| 999 |
_c211712 _d211712 |
||